Online
Catalog

Vasco Núñez de Balboa y los cronistas de Indias / (Record no. 40495)

MARC details
000 -CABECERA
campo de control de longitud fija 00640nam a2200157 a 4500
001 - NÚMERO DE CONTROL
campo de control 000041005
005 - FECHA Y HORA DE LA ÚLTIMA TRANSACCIÓN
campo de control 20201002034538.0
008 - DATOS DE LONGITUD FIJA--INFORMACIÓN GENERAL
campo de control de longitud fija 130913s1990 sp abc 000 0 spa d
020 ## - NÚMERO INTERNACIONAL ESTÁNDAR DEL LIBRO
Número Internacional Estándar del Libro 8400070593
040 ## - FUENTE DE LA CATALOGACIÓN
Centro catalogador/agencia de origen DO-SdBNP
Lengua de catalogación spa
Centro/agencia transcriptor BNPHU
100 1# - ENTRADA PRINCIPAL--NOMBRE DE PERSONA
Nombre de persona Blas Aritio, Luis
9 (RLIN) 67451
245 10 - MENCIÓN DE TÍTULO
Título Vasco Núñez de Balboa y los cronistas de Indias /
Mención de responsabilidad, etc. Luis Blas Aritio ; intruducción general Carmen Mena García.
260 ## - PUBLICACIÓN, DISTRIBUCIÓN, ETC.
Lugar de publicación, distribución, etc. Madrid :
Nombre del editor, distribuidor, etc. Comisión Nacional para la conmemoración del Quinto Centenacio del Descubrimiento del Océano Pafífico,
Fecha de publicación, distribución, etc. 1990.
300 ## - DESCRIPCIÓN FÍSICA
Extensión 543 p. :
Otras características físicas il., mapas, retrs. ;
Dimensiones 32 cm.
700 1# - PUNTO DE ACCESO ADICIONAL--NOMBRE DE PERSONA
Nombre de persona Mena García, Carmen
Término indicativo de función/relación intr.
9 (RLIN) 67452
Holdings
Estado de retiro Estado de pérdida Restricciones de uso No para préstamo Código de colección Localización permanente Ubicación/localización actual Ubicación en estantería Fecha de adquisición Número de inventario Total de préstamos Signatura topográfica completa Código de barras Fecha visto por última vez Precio válido a partir de Tipo de ítem Koha
      Excluido de préstamo Monografías: Libros y Folletos General General En catalogación 13.09.2013 LF1   41005-10 25.06.2020 25.06.2020 No se presta

Powered by Koha